[Event "e2e4 High Wycombe Open"]
[Site "High Wycombe ENG"]
[Date "2012.03.18"]
[Round "5"]
[White "Talbot,A"]
[Black "Varnam,L"]
[Result "1-0"]
[WhiteElo "2146"]
[BlackElo "2059"]

1.d4 d5 2.c4 dxc4 3.e4 e5 4.Nf3 exd4 5.Bxc4 Bb4+ 6.Nbd2 Nc6 7.O-O Nf6 8.e5 Nd5
9.Nb3 Nb6 10.Bb5 O-O 11.Bxc6 bxc6 12.Nbxd4 c5 13.Bg5 f6 14.exf6 gxf6 15.Qb3+ Qd5
16.Bh6 cxd4 17.Qxb4 c5 18.Qa5 Re8 19.Rac1 Qh5 20.Bf4 Qg4 21.Bg3 c4 22.h3 Qd7
23.Bh4 Qd6 24.Qh5 Bd7 25.Bg3 Qd5 26.Qxd5+ Nxd5 27.Nxd4 Nb6 28.b3 cxb3 29.axb3 Rec8
30.Rxc8+ Rxc8 31.Ra1 Ra8 32.Ra5 a6 33.Bc7 Nc8 34.Rd5 Be8 35.Rd8 Kf7 36.Nf5 Bc6
37.Nd4 Bb7 38.Rd7+ Kg6 39.g4 Na7 40.Bb6 Nc6 41.Rxb7  1-0

[Event "13th EICC"]
[Site "Plovdiv BUL"]
[Date "2012.03.21"]
[Round "2.94"]
[White "Volkov,Sergey1"]
[Black "Alekseenko,K"]
[Result "0-1"]
[WhiteElo "2623"]
[BlackElo "2367"]

1.d4 d5 2.c4 dxc4 3.e4 Nf6 4.e5 Nd5 5.Bxc4 Nb6 6.Bd3 Nc6 7.Ne2 Bg4 8.Be3 Qd7
9.Nbc3 O-O-O 10.Be4 Bf5 11.O-O Bxe4 12.Nxe4 e6 13.a3 Be7 14.b4 f6 15.exf6 gxf6
16.Rc1 a6 17.Qb3 Rhg8 18.g3 Nd5 19.N4c3 h5 20.b5 axb5 21.Nxb5 Kb8 22.Rc2 Ncb4
23.Qa4 Na6 24.Rb1 h4 25.Qa5 hxg3 26.hxg3 Rh8 27.Nf4 Bb4 28.Nxc7 Bxa5 29.Nxa6+ Ka8  0-1

[Event "13th EICC"]
[Site "Plovdiv BUL"]
[Date "2012.03.21"]
[Round "2.15"]
[White "Vachier Lagrave,M"]
[Black "Nabaty,T"]
[Result "1-0"]
[WhiteElo "2682"]
[BlackElo "2559"]

1.d4 d5 2.c4 dxc4 3.e4 e5 4.Nf3 Bb4+ 5.Bd2 Bxd2+ 6.Qxd2 exd4 7.Qxd4 Nf6 8.Nc3 Be6
9.Qxd8+ Kxd8 10.Nd4 Ke7 11.O-O-O c5 12.Ndb5 Nc6 13.Nd5+ Bxd5 14.exd5 Na5
15.g3 Rhd8 16.Bg2 a6 17.Rhe1+ Kf8 18.Nc7 Rab8 19.d6 Ne8 20.Re5 c3 21.b3 Nc6
22.Bxc6 bxc6 23.Rxc5 Nxd6 24.Rxc6 Ne4 25.Rxd8+ Rxd8 26.f3 Nf2 27.Nxa6 Rd1+
28.Kc2 Rd2+ 29.Kxc3 Rxa2 30.b4 Ra3+ 31.Kc4 Rxf3 32.b5 Nd3 33.Kd4 Nb2 34.Nc5  1-0

[Event "13th EICC"]
[Site "Plovdiv BUL"]
[Date "2012.03.22"]
[Round "3.89"]
[White "Janev,T"]
[Black "Mista,A"]
[Result "1/2-1/2"]
[WhiteElo "2382"]
[BlackElo "2587"]

1.d4 d5 2.c4 dxc4 3.e4 Nc6 4.Nf3 Bg4 5.Be3 Nf6 6.Nc3 Bxf3 7.gxf3 e5 8.d5 Ne7
9.Bxc4 Nc8 10.Rc1 a6 11.f4 Bd6 12.Rg1 exf4 13.Bd4 Qe7 14.Rxg7 Nxe4 15.Kf1 Nxc3
16.bxc3 Nb6 17.Bd3 Be5 18.Qg4 h5 19.Qf5 Bxd4 20.cxd4 Kf8 21.Re1 Qxe1+ 22.Kxe1 Re8+
23.Kf1 Kxg7 24.d6 cxd6 25.Qg5+ Kf8 26.Qf6 Kg8 27.Bf5 Nc4 28.Kg2 h4 29.Kf3 b5
30.Kxf4 Re2 31.Kg5 Rxf2 32.Bh7+ Rxh7 33.Qxf2 Rg7+ 34.Kf4 h3 35.a4 bxa4 36.Qe2 d5
37.Qe8+ Kh7 38.Qxa4 Rg6 39.Qd7 Rf6+ 40.Kg3 Rg6+ 41.Kxh3 Nd6 42.Qe7 a5 43.Qe5 a4
44.Qxd5 f5 45.Qa5 Kh6 46.Qe5 Kh7 47.Qe7+ Kg8 48.Qa7 Ne4 49.Qxa4 Rg4 50.Qe8+ Kg7
51.Qe5+ Kg6 52.Qe6+ Kg5 53.Qe7+ Kg6  1/2-1/2

[Event "13th EICC"]
[Site "Plovdiv BUL"]
[Date "2012.03.23"]
[Round "4.150"]
[White "Raznikov,D"]
[Black "Ben Artzi,I"]
[Result "1-0"]
[WhiteElo "2436"]
[BlackElo "2271"]

1.d4 d5 2.c4 dxc4 3.e4 e5 4.Nf3 Bb4+ 5.Nc3 exd4 6.Nxd4 Ne7 7.Bxc4 Nbc6 8.Be3 O-O
9.Nb5 Bd7 10.a3 Ba5 11.b4 a6 12.Nd4 Bb6 13.Nxc6 Bxc6 14.Bxb6 cxb6 15.Qxd8 Rfxd8
16.Rd1 Rxd1+ 17.Kxd1 Rc8 18.Bb3 Nf5 19.exf5 Bxg2 20.Re1 Bh3  1-0

[Event "13th EICC"]
[Site "Plovdiv BUL"]
[Date "2012.03.24"]
[Round "5.69"]
[White "Kuljasevic,D"]
[Black "Donchenko,Alexa"]
[Result "1-0"]
[WhiteElo "2580"]
[BlackElo "2309"]

1.d4 d5 2.c4 dxc4 3.e4 e5 4.Nf3 exd4 5.Bxc4 Bb4+ 6.Bd2 Bxd2+ 7.Nbxd2 Nc6
8.O-O Qf6 9.e5 Qg6 10.Nb3 Nge7 11.Nbxd4 O-O 12.Re1 Rd8 13.Bd3 Qh6 14.Re4 Nxd4
15.Rxd4 Rxd4 16.Nxd4 Be6 17.Qc2 c6 18.Nxe6 Qxe6 19.Bxh7+ Kh8 20.Bd3 Qxe5
21.Qb3 Rd8 22.Bc4 Rd2 23.Bxf7 g6 24.Rb1 Kg7 25.Bc4 Qd4 26.Qc3 Qxc3 27.bxc3 b5
28.Bb3 Nd5 29.Bxd5 Rxd5 30.Kf1 Rd2 31.a4 a6 32.axb5 axb5 33.Re1 Rc2 34.Re3 Kf6
35.g3 c5 36.h4 Ra2 37.Ke1 Kf5 38.Re8 Rc2 39.Re3 Kg4 40.Re6 Rxc3 41.Rxg6+ Kf3
42.Kd2 b4 43.h5 c4 44.Rf6+ Kg2 45.h6 Kf1 46.Rd6 Rf3 47.h7 Rxf2+ 48.Kc1 Rf8
49.Rf6+ Rxf6 50.h8=Q Rf3 51.g4 Kg2 52.Qb2+ Kg3 53.Qxb4 Kxg4 54.Qxc4+ Rf4
55.Qe6+ Kh5 56.Kd2 Kg5 57.Ke3 Rf5 58.Kd4 Rf1 59.Qg8+ Kh5 60.Qg3 Rf7 61.Ke5 Rf8
62.Ke6 Kh6 63.Qh4+ Kg6 64.Qg4+ Kh6 65.Ke7 Ra8 66.Qh3+  1-0

[Event "ch-VIE Women KO 2012"]
[Site "Can Tho VIE"]
[Date "2012.03.26"]
[Round "1.1"]
[White "Nguyen,Thi Thuy Trien"]
[Black "Le Thi Phuong Lien"]
[Result "1/2-1/2"]
[WhiteElo "1936"]
[BlackElo "2169"]

1.d4 d5 2.c4 dxc4 3.e4 e5 4.d5 c6 5.Bxc4 cxd5 6.Bxd5 Bb4+ 7.Bd2 Bxd2+ 8.Qxd2 Nf6
9.Nc3 O-O 10.Nge2 Nxd5 11.Nxd5 Nc6 12.O-O Be6 13.Rad1 Qh4 14.Nec3 Rad8 15.f4 f5
16.exf5 Rxf5 17.Qe3 Rdf8 18.Qg3 Qh6 19.Ne2 exf4 20.Nexf4 Bxd5 21.Nxd5 Rxf1+
22.Rxf1 Rxf1+ 23.Kxf1 Qe6 24.Nc3 Qc4+ 25.Kg1 h6 26.h3 Kh7 27.Qf3 Qd4+ 28.Kh1 Qe5  1/2-1/2

[Event "13th EICC"]
[Site "Plovdiv BUL"]
[Date "2012.03.27"]
[Round "7.121"]
[White "Smirnov,Arte"]
[Black "Donchenko,Alexa"]
[Result "1-0"]
[WhiteElo "2436"]
[BlackElo "2309"]

1.d4 d5 2.c4 dxc4 3.e4 e5 4.Nf3 exd4 5.Bxc4 Nc6 6.Qb3 Bb4+ 7.Nbd2 Nh6 8.Bb5 Qe7
9.O-O Bc5 10.Bxc6+ bxc6 11.Qc2 d3 12.Qxd3 Ng4 13.Nb3 Bb6 14.Qc3 O-O 15.h3 Nf6
16.e5 Nd5 17.Qxc6 Qd7 18.Qxd7 Bxd7 19.Rd1 Bc6 20.Bd2 Rfd8 21.Rac1 Ne7 22.Nh4 Be4
23.Re1 Bd5 24.Bg5 Kf8 25.g4 g6 26.Nc5 Rab8 27.e6 Bxc5 28.Rxc5 Bxe6 29.Rxc7 Re8
30.b3 a5 31.Nf3 Nd5 32.Bh6+ Kg8 33.Ra7 Nb4 34.Nd4 Nxa2 35.Nxe6 Nb4 36.Rc1 Rxe6
37.Rcc7 Nc6 38.Rab7 Rbe8 39.Rxf7 Ne7 40.Rf3 Rd8 41.Ra7 Rb8 42.Rxa5 Nc6 43.Rd5 Re1+
44.Kg2 Ne5 45.Rc3  1-0

[Event "13th EICC"]
[Site "Plovdiv BUL"]
[Date "2012.03.29"]
[Round "9.25"]
[White "Khismatullin,D"]
[Black "Mastrovasilis,A"]
[Result "1-0"]
[WhiteElo "2656"]
[BlackElo "2510"]

1.d4 d5 2.c4 dxc4 3.e4 e5 4.Nf3 exd4 5.Bxc4 Bb4+ 6.Nbd2 Nc6 7.O-O Nf6 8.e5 Nd5
9.Nb3 Nb6 10.Bb5 Qd5 11.Bxc6+ Qxc6 12.Bd2 Bxd2 13.Qxd2 Qg6 14.Nfxd4 O-O 15.f4 Bf5
16.Rac1 c6 17.Rc3 h6 18.Nc5 Rab8 19.Rg3 Qh5 20.e6 fxe6 21.Ndxe6 Rf7 22.Qd4 g6
23.Nd8 Rg7 24.Re1 Nd5 25.Re8+ Kh7 26.Nde6 Bxe6 27.Nxe6  1-0

[Event "28th Budapest Spring Festival"]
[Site "Budapest HUN"]
[Date "2012.04.01"]
[Round "7.6"]
[White "Wang Xinyue"]
[Black "Juhasz,A"]
[Result "1/2-1/2"]
[WhiteElo "1954"]
[BlackElo "2184"]

1.d4 d5 2.c4 dxc4 3.e4 b5 4.a4 c6 5.b3 e5 6.dxe5 Qxd1+ 7.Kxd1 cxb3 8.axb5 cxb5
9.Nd2 Bd7 10.Nxb3 Bb4 11.Bb2 Ne7 12.Ne2 O-O 13.Bc3 Nbc6 14.Bxb4 Nxb4 15.Ned4 Rfd8
16.Kc1 a6 17.Kb2 Nec6 18.f4 Nxd4 19.Nxd4 Nc6 20.Nc2 a5 21.Be2 b4 22.Rhd1 a4
23.f5 a3+ 24.Ka2 b3+ 25.Kxb3 Rdb8+ 26.Kc3 Nxe5 27.Rxa3 Rc8+ 28.Kd4 Ba4 29.Kxe5 Bxc2
30.Rxa8 Rxa8 31.Rd4 Re8+ 32.Kf4 f6 33.Bc4+ Kf8 34.Be6 g5+ 35.Kg4 Re7 36.Rd8+ Kg7
37.Kh5 h6 38.Rg8+ Kh7 39.Rf8 Kg7 40.Rc8 Bxe4 41.g4 Kh7 42.h4 Bd3 43.hxg5 hxg5
44.Rf8 Kg7 45.Rg8+ Kh7 46.Rg6 Rxe6 47.Rh6+ Kg7 48.fxe6 Bc2 49.e7 Ba4 50.Rg6+ Kf7
51.Kh6 Kxe7 52.Kg7 Bd1 53.Rxf6 Bxg4  1/2-1/2

[Event "35th San Sebastian Open"]
[Site "Donostia ESP"]
[Date "2012.04.07"]
[Round "9"]
[White "Vazquez Igarza,R"]
[Black "Velten,P"]
[Result "0-1"]
[WhiteElo "2566"]
[BlackElo "2310"]

1.d4 d5 2.c4 dxc4 3.e4 e5 4.Nf3 exd4 5.Bxc4 Nc6 6.O-O Nf6 7.e5 Ne4 8.Re1 Nc5
9.Bg5 Qd7 10.Nbd2 Ne6 11.Ne4 h6 12.Bf6 b6 13.Nh4 Ne7 14.Qf3 Rb8 15.Bxg7 Bxg7
16.Nf6+ Bxf6 17.exf6 Qc6 18.Qd3 b5 19.Bxe6 Bxe6 20.fxe7 Qd5 21.Qg3 Kd7 22.Rac1 Qd6
23.Red1 c5 24.Qa3 Rhc8 25.b4 cxb4 26.Qxa7+ Ke8 27.Rxc8+ Rxc8 28.Nf3 d3 29.h3 b3
30.axb3 Bxb3 31.Rf1 d2 32.Nxd2 Qxd2 33.Qb7 Qd7 34.Qb6 Be6 35.Qe3 Qxe7 36.Qxh6 b4
37.Re1 Qd6 38.h4 b3 39.Qf6 Rc2 40.Ra1 Ra2 41.Rf1 Rd2 42.Qf3 b2 43.h5 Qd5
44.Qa3 Qd3 45.Qa8+ Ke7 46.Qb7+ Kf8 47.Qb8+ Kg7 48.Qe5+ Kh7 49.h6 Qg6 50.Qb5 Bd5  0-1

[Event "FSGM April 2012"]
[Site "Budapest HUN"]
[Date "2012.04.08"]
[Round "2"]
[White "Fodor,T jr"]
[Black "Estrada Nieto,J"]
[Result "1-0"]
[WhiteElo "2482"]
[BlackElo "2306"]

1.d4 d5 2.c4 dxc4 3.e4 Nc6 4.Nf3 Bg4 5.d5 Ne5 6.Bf4 Ng6 7.Bg3 Nf6 8.Qa4+ Qd7
9.Qxc4 e6 10.Nc3 exd5 11.Qb3 dxe4 12.Qxb7 Qc8 13.Bb5+ Bd7 14.Bxd7+ Nxd7 15.Qxe4+ Be7
16.O-O O-O 17.Nd5 Bd6 18.Rac1 Re8 19.Qc2 Bxg3 20.hxg3 c5 21.Rfd1 h6 22.b4 Qc6
23.bxc5 Rac8 24.Nb4 Qb5 25.a4 Qxb4 26.Rxd7 Rc6 27.Rxa7 Qb8 28.Ra5 Qd8 29.Rb5 Ne5
30.a5 Nxf3+ 31.gxf3 Qd5 32.Qd1 Qa2 33.Rb6 Ree6 34.Qd8+ Kh7 35.Qd3+ g6 36.Qd7 Re2
37.Qxc6 Rxf2 38.f4 Qd2 39.Rcb1 Re2 40.Qf3 Qd4+ 41.Kh1 Rf2 42.Qb7 Kg7 43.R6b2 Kg8
44.a6 Qxc5 45.Rxf2 Qxf2 46.a7  1-0

[Event "Sydney International Open"]
[Site "Parramatta AUS"]
[Date "2012.04.11"]
[Round "2.2"]
[White "Praveen Kumar,C1"]
[Black "Sengupta,D"]
[Result "1-0"]
[WhiteElo "2343"]
[BlackElo "2572"]

1.d4 d5 2.c4 dxc4 3.e4 Nc6 4.Nf3 Bg4 5.Bxc4 e6 6.Be3 Nf6 7.Nc3 Bb4 8.Qc2 O-O
9.Rd1 Bxf3 10.gxf3 Nh5 11.Rg1 e5 12.dxe5 Qh4 13.Rg4 Qxh2 14.f4 Ne7 15.Qe2 Qh1+
16.Qf1 Qxf1+ 17.Kxf1 Rad8 18.Nd5 g6 19.f5 Kh8 20.a3 c6 21.f6 cxd5 22.fxe7 Bxe7
23.exd5 Rc8 24.d6 Bd8 25.Bd5 b6 26.Bh6 Ng7 27.Rf4 Kg8 28.Rd3 Rc5 29.b4 Rc1+
30.Ke2 Rb1 31.Rdf3 Nf5 32.Rxf5  1-0

[Event "ch-ISL 2012"]
[Site "Kopavogur ISL"]
[Date "2012.04.14"]
[Round "2"]
[White "Thorfinnsson,Br"]
[Black "Kjartansson,Dav"]
[Result "1-0"]
[WhiteElo "2421"]
[BlackElo "2305"]

1.d4 d5 2.c4 dxc4 3.e4 e5 4.Nf3 exd4 5.Bxc4 Nc6 6.O-O Be6 7.Bb5 Bc5 8.b4 Bb6
9.a4 a6 10.Bxc6+ bxc6 11.a5 Ba7 12.Bb2 Nf6 13.Bxd4 O-O 14.Nc3 Bxd4 15.Qxd4 Nd7
16.Na4 Qe7 17.Qc3 Rab8 18.Rab1 Rb5 19.Nd4 Rh5 20.f4 c5 21.Nxe6 fxe6 22.b5 axb5
23.Rxb5 Qd6 24.g3 g6 25.Nb2 Qa6 26.Qc4 Kg7 27.Rd1 Rf7 28.Ra1 e5 29.Rb3 Qf6
30.Qc3 c4 31.Nxc4 Nc5 32.Rb5 Nxe4 33.Qb2 Qa6 34.Rxe5 Qa7+ 35.Kg2 Nf6 36.Rxh5 gxh5
37.Ne5 Re7 38.a6 c5 39.Qb5 Ng4 40.Nxg4 Qa8+ 41.Kg1 hxg4 42.Qxc5 Re2 43.Qc3+  1-0

[Event "TCh-SUI National A 2012"]
[Site "Switzerland SUI"]
[Date "2012.04.15"]
[Round "2.3"]
[White "Korchnoi,V"]
[Black "Bex,P"]
[Result "0-1"]
[WhiteElo "2549"]
[BlackElo "2225"]

1.d4 d5 2.c4 dxc4 3.e4 e5 4.Nf3 exd4 5.Bxc4 Nc6 6.O-O Be6 7.Bxe6 fxe6 8.Ng5 Qd7
9.Qh5+ g6 10.Qh3 O-O-O 11.Qxe6 Qxe6 12.Nxe6 Re8 13.Nxf8 Rxf8 14.b3 Nf6 15.Bh6 Rf7
16.Nd2 Re8 17.f3 Ne5 18.Rac1 Re6 19.Nc4 Nfd7 20.Rfd1 Nc6 21.h4 a6 22.a3 b6
23.b4 Kb7 24.Rc2 Nde5 25.Nxe5 Nxe5 26.Bc1 Rd6 27.Bb2 Rfd7 28.Kh2 b5 29.Rc5 Nc4
30.Bc1 d3 31.Bf4 d2 32.e5 Rd4 33.e6 Rxf4 34.exd7 Rd4 35.a4 Ne3 36.Rxd2 Rxd2
37.axb5 axb5 38.Rxb5+ Kc6 39.Re5 Nf5 40.h5 Rxd7 41.hxg6 hxg6 42.Kh3 Re7 43.Ra5 Rh7+
44.Kg4 Rh4+ 45.Kg5 Rxb4 46.Ra2 Ne7 47.Rd2 Rb3 48.Kf6 Re3 49.Kf7 Kb7 50.Rb2+ Kc8
51.Rc2 c6 52.g4 Kc7 53.f4 Re4 54.Rf2 c5 55.f5 gxf5 56.g5 f4 57.g6 Nxg6 58.Kxg6 Kd6
59.Kf5 Kd5 60.Kg4 Kd4 61.Kf3 Re7 62.Rd2+ Kc3 63.Rd5 c4 64.Kxf4 Kc2  0-1

[Event "ch-FRA Juniors 2012"]
[Site "Nimes FRA"]
[Date "2012.04.18"]
[Round "6.1"]
[White "Ollier,P"]
[Black "Velten,P"]
[Result "1-0"]
[WhiteElo "2278"]
[BlackElo "2310"]

1.d4 d5 2.c4 dxc4 3.e4 e5 4.Nf3 exd4 5.Bxc4 Nc6 6.O-O Nf6 7.Qb3 Na5 8.Bxf7+ Ke7
9.Qa3+ Kxf7 10.Qxa5 Nxe4 11.Nbd2 Nc5 12.b4 b6 13.Qa3 Ne6 14.Ne5+  1-0

[Event "TCh-AUT 1st Bundesliga 2012"]
[Site "Jenbach AUT"]
[Date "2012.04.19"]
[Round "8.5"]
[White "Siebrecht,S"]
[Black "Huch,R"]
[Result "1-0"]
[WhiteElo "2468"]
[BlackElo "2321"]

1.d4 d5 2.c4 dxc4 3.e4 Nf6 4.Nc3 e5 5.Nf3 exd4 6.Qxd4 Qxd4 7.Nxd4 Bc5 8.Ndb5 Na6
9.Bf4 c6 10.Nd6+ Bxd6 11.Bxd6 Be6 12.e5 Nd7 13.b3 Nb6 14.b4 O-O-O 15.b5 Nc7
16.bxc6 bxc6 17.a4 Rhe8 18.Be2 Ncd5 19.Nxd5 Bxd5 20.Bg4+ Be6 21.Bxe6+ Rxe6
22.O-O Rd7 23.a5 Nd5 24.Ra4 f6 25.f4 Ne3 26.Rb1 Rb7 27.Rxb7 Kxb7 28.Bc5 Nd5
29.a6+ Ka8 30.Rxc4 fxe5 31.fxe5 Rxe5 32.Bd6 Re6 33.Rxc6 Ne7 34.Rc7 Rxd6 35.Rxe7 Rxa6
36.Rxg7 h6 37.Kf2 Re6 38.h4 a5 39.h5 Rb6 40.Rg6 Rb5 41.Rxh6 Kb7 42.g4 a4
43.Rd6 a3 44.Rd3 Ra5 45.Rd1 a2 46.Ra1 Ra3 47.h6 Rh3 48.Rxa2 Rh2+ 49.Kg3 Rxa2
50.g5  1-0

[Event "TCh-HUN 2011-12"]
[Site "Decs HUN"]
[Date "2012.04.22"]
[Round "9"]
[White "Toth,E"]
[Black "Madl,I"]
[Result "1-0"]
[WhiteElo "2472"]
[BlackElo "2399"]

1.d4 d5 2.c4 dxc4 3.e4 b5 4.a4 c6 5.Nc3 b4 6.Na2 Nf6 7.e5 Nd5 8.Bxc4 e6 9.Nf3 a5
10.O-O Qb6 11.Bd2 Ba6 12.Qe2 c5 13.dxc5 Bxc5 14.Nc1 O-O 15.Nb3 Nd7 16.Rac1 Rfc8
17.Qe4 h6 18.Qg4 Bxc4 19.Rxc4 Kf8 20.Kh1 Be7 21.Rd4 Nc5 22.Nxc5 Rxc5 23.Qh5 Qa6
24.Re1 Rac8 25.h3 R8c6 26.b3 Rc3 27.Kh2 Rd3 28.Rg4 Rxd2 29.Nxd2 Qd3 30.Nc4 Qc3
31.Rge4 Rc5 32.Qd1 Bg5 33.g3 g6 34.Rd4 h5 35.h4 Bh6 36.Rd3  1-0

[Event "3rd LUC Open"]
[Site "Lille FRA"]
[Date "2012.04.25"]
[Round "3.3"]
[White "Gozzoli,Y"]
[Black "Vorobiov,E"]
[Result "1/2-1/2"]
[WhiteElo "2549"]
[BlackElo "2580"]

1.d4 d5 2.c4 dxc4 3.e4 Nc6 4.Nf3 Bg4 5.d5 Ne5 6.Bf4 Ng6 7.Be3 e5 8.Bxc4 a6
9.Nc3 Nf6 10.Be2 Bd6 11.O-O O-O 12.Nd2 Bd7 13.g3 b5 14.a4 Rb8 15.axb5 axb5
16.Qb3 c5 17.dxc6 Bxc6 18.Rfd1 b4 19.Na4 Qe7 20.f3  1/2-1/2

[Event "ch-LTU 2012"]
[Site "Vilnius LTU"]
[Date "2012.04.29"]
[Round "9"]
[White "Malisauskas,V"]
[Black "Zickus,S"]
[Result "1/2-1/2"]
[WhiteElo "2462"]
[BlackElo "2283"]

1.d4 d5 2.c4 dxc4 3.e4 e5 4.Nf3 exd4 5.Bxc4 Nc6 6.O-O Be6 7.Bxe6 fxe6 8.Qb3 Qd7
9.Qxb7 Rb8 10.Qa6 Nf6 11.e5 Ne4 12.Qe2 Nc5 13.Na3 Na4 14.Nc4 Nb4 15.Bd2 d3
16.Qe4 Nc2 17.Rab1 Bb4 18.Bxb4 Rxb4 19.b3 Qd5 20.Qxd5 exd5 21.a3 dxc4 22.axb4 Nc3
23.bxc4 Nxb1 24.Rxb1  1/2-1/2

[Event "MMM Open 2012"]
[Site "Krakow POL"]
[Date "2012.04.30"]
[Round "2.7"]
[White "Watorek,M"]
[Black "Chmiel,M"]
[Result "1/2-1/2"]
[WhiteElo "2178"]
[BlackElo "1900"]

1.d4 d5 2.c4 dxc4 3.e4 Nf6 4.Nc3 e5 5.d5 b5 6.Bg5 Bc5 7.Nf3 b4 8.Bxf6 Qxf6
9.Na4 Bd6 10.Bxc4 O-O 11.O-O Bg4 12.Be2 Nd7 13.Rc1 Qh6 14.Nd2 Bxe2 15.Qxe2 f5
16.Rc6 Qh4 17.Nc4 Nb8 18.Nxd6 Nxc6 19.Nxf5 Nd4 20.Nxd4 exd4 21.Qd3 Qf6 22.Nc5 Rf7
23.f4 g5 24.fxg5 Qxg5 25.Rxf7 Kxf7 26.Qxd4 Qc1+ 27.Kf2 Rg8 28.g3 Qh1 29.Qe5 Qxh2+
30.Kf3 Qh1+ 31.Kf2 Qh2+  1/2-1/2

[Event "FSGM May 2012"]
[Site "Budapest HUN"]
[Date "2012.05.08"]
[Round "4"]
[White "Horvath,Dav"]
[Black "Estrada Nieto,J"]
[Result "1/2-1/2"]
[WhiteElo "2420"]
[BlackElo "2309"]

1.d4 d5 2.c4 dxc4 3.e4 Nc6 4.Nf3 Bg4 5.d5 Ne5 6.Bf4 Ng6 7.Be3 Nf6 8.Nc3 e5
9.Bxc4 Nh4 10.Rg1 Bd6 11.Qa4+ Bd7 12.Qb3 Ng4 13.Bd2 Bc5 14.Nd1 O-O 15.h3 Nxf3+
16.Qxf3 Nf6 17.g4 Ne8 18.Ne3 Nd6 19.Bd3 c6 20.Rc1 Bxe3 21.Qxe3 cxd5 22.exd5 Bb5
23.Bb4 a5 24.Ba3 Re8 25.Kf1 e4 26.Be2 Re5 27.Rc5 Bxe2+ 28.Qxe2 b6 29.Rc6 Rxd5
30.Bxd6 Rxd6 31.Rxd6 Qxd6 32.Qxe4 Rc8  1/2-1/2

[Event "FSGM May 2012"]
[Site "Budapest HUN"]
[Date "2012.05.15"]
[Round "11"]
[White "Flumbort,A"]
[Black "Estrada Nieto,J"]
[Result "1-0"]
[WhiteElo "2503"]
[BlackElo "2309"]

1.d4 d5 2.c4 dxc4 3.e4 Nc6 4.Nf3 Bg4 5.d5 Ne5 6.Qd4 Nxf3+ 7.gxf3 Bxf3 8.Rg1 e5
9.Qxc4 Nf6 10.Nd2 Bg4 11.h3 Bd7 12.Qc3 Bd6 13.Rxg7 Qe7 14.Qf3 O-O-O 15.Nc4 Bb4+
16.Kd1 h6 17.Be3 Kb8 18.Kc2 Bd6 19.Rc1 Rdf8 20.Nxd6 cxd6 21.Kb1 Ne8 22.Rg3 Qd8
23.Qd1 f5 24.exf5 Bxf5+ 25.Ka1 Qa5 26.Rc3 b6 27.Ra3 Qb4 28.Ra4  1-0

[Event "ch-UZB Major 2012"]
[Site "Tashkent UZB"]
[Date "2012.05.17"]
[Round "1"]
[White "Faizulaev,A"]
[Black "Artemenko,O"]
[Result "0-1"]
[WhiteElo "2289"]
[BlackElo "2298"]

1.d4 d5 2.c4 dxc4 3.e4 Nf6 4.e5 Nd5 5.Bxc4 Nb6 6.Bd3 Nc6 7.Be3 Nb4 8.Be4 f5
9.exf6 exf6 10.Nc3 f5 11.Bb1 N4d5 12.Nf3 Bd6 13.O-O O-O 14.Bg5 Qe8 15.a4 h6
16.Bd2 Qf7 17.a5 Nxc3 18.Bxc3 Nd5 19.Re1 Be6 20.Ne5 Bxe5 21.Rxe5 c6 22.Qf3 Rae8
23.Bd3 Ne7  0-1

[Event "6th Wunsiedel Open"]
[Site "Wunsiedel GER"]
[Date "2012.05.17"]
[Round "2"]
[White "Van Ginkel,P"]
[Black "Kunin,V"]
[Result "0-1"]
[WhiteElo "2180"]
[BlackElo "2513"]

1.d4 d5 2.c4 dxc4 3.e4 e5 4.Nf3 exd4 5.Bxc4 Nc6 6.O-O Be6 7.Bb5 Bc5 8.Nbd2 Ne7
9.Nb3 Bxb3 10.Qxb3 O-O 11.Bxc6 bxc6 12.Qc4 Bb6 13.b3 Ng6 14.Qxc6 Re8 15.Bb2 Re6
16.Qd5 Nf4 17.Qxd8+ Rxd8 18.Nd2 Ba5 19.Nc4 Bc3 20.f3 f5 21.e5 Bxb2 22.Nxb2 Rxe5
23.Rfe1 Rde8 24.Rxe5 Rxe5 25.g3 Ne2+ 26.Kf1 Nc3 27.Nd1 Nd5 28.Rc1 d3 29.Nb2 d2
30.Ra1 Nc3 31.a4 g5  0-1

[Event "50th ch-IND Challengers 2012"]
[Site "Tirupati IND"]
[Date "2012.05.19"]
[Round "3.10"]
[White "Singh,SV"]
[Black "Murali Krishnan,B"]
[Result "1/2-1/2"]
[WhiteElo "2225"]
[BlackElo "2337"]

1.d4 d5 2.c4 dxc4 3.e4 Nf6 4.e5 Nd5 5.Bxc4 Nb6 6.Bb3 Nc6 7.Ne2 Bf5 8.O-O e6
9.Nbc3 Be7 10.Be3 O-O 11.Bc2 Bxc2 12.Qxc2 Nb4 13.Qe4 N4d5 14.Nf4 Nxf4 15.Bxf4 c6
16.Rfd1 Nd5 17.Nxd5 Qxd5 18.Qxd5 cxd5 19.Rac1 Rfc8 20.Rxc8+ Rxc8 21.Rc1 Rxc1+
22.Bxc1 Kf8 23.Kf1 Ke8 24.Ke2 Kd7 25.Kd3 Kc6 26.f3 a6  1/2-1/2

[Event "4th GM POL-UKR Match"]
[Site "Lublin POL"]
[Date "2012.05.26"]
[Round "3"]
[White "Korobov,A"]
[Black "Socko,B"]
[Result "1-0"]
[WhiteElo "2678"]
[BlackElo "2635"]

1.d4 d5 2.c4 dxc4 3.e4 e5 4.Nf3 Bb4+ 5.Bd2 Bxd2+ 6.Qxd2 exd4 7.Nxd4 Qe7 8.Nc3 Nf6
9.O-O-O O-O 10.Bxc4 c5 11.Ndb5 a6 12.Nd6 Nc6 13.Rhe1 Be6 14.e5 Ng4 15.f4 Bxc4
16.Nxc4 Nd4 17.h3 Nh6 18.Qd3 b5 19.Nd6 f6 20.b4 fxe5 21.bxc5 Rxf4 22.Qe3 Qg5
23.Rd2 Nf7 24.Nd5 Nf5 25.Nxf5 Rxf5 26.c6 Qh4 27.c7 Rc8 28.Rc2 Nd6 29.g3  1-0

[Event "Bronshoj BSM IM 2012"]
[Site "Copenhagen DEN"]
[Date "2012.06.04"]
[Round "7.2"]
[White "Akdag,D"]
[Black "Haubro,M"]
[Result "0-1"]
[WhiteElo "2264"]
[BlackElo "2092"]

1.d4 d5 2.c4 dxc4 3.e4 e5 4.Nf3 exd4 5.Bxc4 Nc6 6.O-O Be6 7.Bb5 Bc5 8.b4 Bb6
9.a4 a6 10.Bxc6+ bxc6 11.a5 Ba7 12.Qd3 Ne7 13.Ng5 c5 14.bxc5 Bxc5 15.f4 O-O
16.Ba3 Bxa3 17.Rxa3 Bd7 18.Rc1 Bb5 19.Qg3 Qd6 20.Qh4 h6 21.e5 Qg6 22.Nh3 Nf5
23.Qf2 c5 24.Nd2 Ne3 25.Nf3 Rac8 26.Kh1 Qg4 27.Rxe3 dxe3 28.Qxe3 Bc6 29.Nf2 Qh5
30.Nd2 Rfd8 31.Nde4 Bxe4 32.Qxe4 Rd2 33.Kg1 Qe2 34.Qxe2 Rxe2 35.Kf1 Ra2 36.Ne4 c4
37.Nd6 Rc6 38.Rb1 c3 39.e6 Rxd6 40.e7 Re6 41.Rb8+ Kh7 42.e8=Q Ra1+ 43.Kf2 Rxe8  0-1

[Event "FSIMB June 2012"]
[Site "Budapest HUN"]
[Date "2012.06.06"]
[Round "5.5"]
[White "Krumpacnik,D"]
[Black "Lengyel,B"]
[Result "1/2-1/2"]
[WhiteElo "2382"]
[BlackElo "2260"]

1.d4 d5 2.c4 dxc4 3.e4 Nf6 4.e5 Nd5 5.Bxc4 Nc6 6.Nf3 e6 7.O-O Nb6 8.Bd3 Nb4
9.Be4 N4d5 10.Bg5 Be7 11.Bxe7 Qxe7 12.Nc3 Bd7 13.Nd2 Bc6 14.Nb3 a5 15.a3 O-O
16.Qc2 f5 17.exf6 gxf6 18.Rfe1 Qf7 19.Rad1 Kh8 20.Nxd5 Nxd5 21.Rd3 f5 22.Bf3 Rg8
23.Qd2 b6 24.Qe2 a4 25.Nc1 Rae8 26.Qe5+ Rg7 27.Ne2 Bb5 28.Rd2 Bc4 29.Nc3 Nxc3
30.bxc3 Rg8 31.g3 h5 32.d5 exd5 33.Bxd5 Bxd5 34.Rxd5 Rf8 35.Rd4 f4 36.Re2 Kg8
37.Qe6 Qxe6 38.Rxe6 Rf5 39.Rxa4 fxg3 40.hxg3 Rc5 41.Re3 Kh7 42.Kg2 Rg6 43.Rae4 Rgc6
44.Re5 Kg6 45.Rxc5 Rxc5 46.Kf3 Kf5 47.Ke2 Rc4 48.Kd3 b5 49.Re7 c6 50.Rh7 Kg4
51.Rh6 Kg5 52.Rd6 Kf5 53.Rd4 Rc5 54.Kc2 Kg5 55.Kb3 Rf5 56.Rd6 Rxf2 57.Rxc6 Rf3
58.Rc5+ Kg4 59.Rxb5 Rxg3 60.Rb4+ Kh3 61.a4 h4 62.a5 Rg8 63.Ka4 Kg3 64.c4 h3
65.Rb3+ Kg2 66.Rb2+ Kg3 67.a6 h2 68.Rb1 Rc8 69.c5 Rxc5 70.a7 Rc8  1/2-1/2

[Event "1st Grand Europe Open"]
[Site "Golden Sands BUL"]
[Date "2012.06.06"]
[Round "3.63"]
[White "Bozzali,E"]
[Black "Skomorokhin,R"]
[Result "0-1"]
[WhiteElo "2068"]
[BlackElo "2356"]

1.d4 d5 2.c4 dxc4 3.e4 Nc6 4.Nf3 Bg4 5.d5 Ne5 6.Bf4 Ng6 7.Be3 e5 8.Bxc4 Nf6
9.Nbd2 a6 10.h3 Bd7 11.O-O Bd6 12.Re1 O-O 13.Bf1 Qe7 14.Qc2 c6 15.Nc4 cxd5
16.exd5 Nxd5 17.Bg5 f6 18.Rad1 Bc6 19.Nxd6 Qxd6 20.Bc1 Kh8 21.Qf5 Rad8 22.Qh5 Ndf4
23.Rxd6 Nxh5 24.Red1 Rxd6 25.Rxd6 Nhf4 26.Nd2 Ne7 27.Nc4 Nfd5 28.Ne3 Rc8
29.Bc4 Nxe3 30.Bxe3 Nf5 31.Rd2 Nxe3 32.fxe3 g6 33.Rd6 Kg7 34.Re6 Rc7 35.h4 Rd7
36.Bxa6 Bd5 37.Rb6 bxa6 38.Rxa6 Be4 39.b4 Rd2 40.b5 Rxg2+ 41.Kf1 Rd2 42.a4 f5
43.Re6 Ra2 44.Rxe5 Rxa4 45.Re7+ Kh6 46.b6 Rb4 47.Re6 Rb2 48.Ke1 Kh5 49.Re7 h6  0-1

[Event "OKU Open GpA 2012"]
[Site "Utrecht NED"]
[Date "2012.06.10"]
[Round "5.1"]
[White "Goudriaan,E"]
[Black "Guliyev,N"]
[Result "1/2-1/2"]
[WhiteElo "2321"]
[BlackElo "2522"]

1.d4 d5 2.c4 dxc4 3.e4 e5 4.Nf3 exd4 5.Bxc4 Bb4+ 6.Nbd2 Nc6 7.O-O Nf6 8.e5 Nd5
9.Nb3 Nb6 10.Bb5 Qd5 11.Nfxd4 O-O 12.Nxc6 Qxb5 13.Nxb4 Qxb4 14.Be3 Qe4 15.Re1  1/2-1/2

[Event "16th Voronezh Master Open"]
[Site "Voronezh RUS"]
[Date "2012.06.12"]
[Round "1.21"]
[White "Fedoseev,Vl3"]
[Black "Barsamian,E"]
[Result "1-0"]
[WhiteElo "2546"]
[BlackElo "2258"]

1.d4 d5 2.c4 dxc4 3.e4 Nf6 4.e5 Nd5 5.Bxc4 c6 6.h4 Na6 7.Nc3 Nac7 8.Nge2 Nb6
9.Bd3 Be6 10.b3 Bd5 11.Nf4 Qd7 12.Bd2 Be6 13.Ne4 Bf5 14.Qe2 Bxe4 15.Qxe4 Ne6
16.Nxe6 Qxe6 17.f4 Qd5 18.Qxd5 Nxd5 19.f5 Rd8 20.h5 Nc7 21.Rh4 e6 22.h6 gxh6
23.f6 Bc5 24.dxc5 Rxd3 25.Rb4 Rg8 26.Rxb7 Rxg2 27.O-O-O Nb5 28.Re7+  1-0

[Event "5th Karen Asrian Memorial"]
[Site "Jermuk ARM"]
[Date "2012.06.16"]
[Round "1.4"]
[White "Harutyunian,T"]
[Black "Grigoryan,Av"]
[Result "1/2-1/2"]
[WhiteElo "2252"]
[BlackElo "2581"]

1.d4 d5 2.c4 dxc4 3.e4 Nf6 4.e5 Nd5 5.Bxc4 Nb6 6.Bb3 Nc6 7.Be3 Bf5 8.Ne2 e6
9.Nbc3 Nb4 10.O-O N4d5 11.Rc1 Rc8 12.Nxd5 Nxd5 13.Bxd5 Qxd5 14.Qa4+ Qd7 15.Qxa7 Bd3
16.Rfe1 Bb4 17.Nf4 Be4 18.Red1 c6 19.f3 Bd5 20.Nxd5 exd5 21.Qa4 Be7 22.Qb3 O-O
23.f4 f6 24.Rf1 Rce8 25.Qd3 Bd8 26.b4 fxe5 27.dxe5 Be7 28.a3 g6 29.h3 Qe6
30.Bd4 h5 31.Rf2 Rf7 32.Rcf1 Ref8 33.Rf3 h4 34.Kh2 Rf5 35.Kh1 Kh7 36.Qe3 R8f7
37.R1f2 Bf8 38.Qe1  1/2-1/2